000 00902cab a2200241 4500
001 X3444
008 090401t1996 xxu||||| |||| 00| 0 eng d
035 _a(Sirsi) u30555
041 _aeng
245 _aPeterborough CC and Kew
260 _c1996
350 _a0
490 _aPlanning Appeal Decisions
_v(1996) 11 PAD 239-245(7)
520 _aSix dwellings - overgrown garden land - access - character and appearance of area - residential amenities - noise and disturbance - highway congestion - structure and local plans - vehicle disturbance to neighbours - parking - costs - council not unreasonable. (HEADNOTE FROM JOURNAL)
650 _aDISTURBANCE
650 _aHIGHWAY CONGESTION
650 _aLOCAL DEVELOPMENT PLANS
650 _aPETERBOROUGH CC AND KEW
650 _aRESIDENTIAL AMENITIES
690 _aPLANNING LAW AND PRACTICE-CASE LAW
942 _n0
948 _c04/03/1997
999 _c20601
_d20601